banner-ar

ARABISCHE INSCHRIFTEN AUS SYRIEN / (Record no. 19118)

MARC details
000 -الفاتح
حقل البيانات ثابتة الطول 00434nam a2200181Ia 4500
040 ## - مصدر الفهرسة
وكالة الفهرسة الأصلية GCL /
وكالة النسخ GCL
082 04 - رقم تصنيف ديوى العشرى
رقم التصنيف 492.7
رقم المادة G A
100 1# - المدخل الرئيسى - إسم شخصى
الإسم الشخصى GAUBE, HEINZ
245 10 - بيان العنوان
العنوان ARABISCHE INSCHRIFTEN AUS SYRIEN /
بيان المسئوليه,etc GAUBE, HEINZ
260 ## - PUBLICATION, DISTRIBUTION, ETC. (IMPRINT)
تاريخ النشر أو التوزيع 1987
300 ## - الوصف المادى
التعداد 201 PP
650 04 - المدخل الاضافى بالموضوع-مصطلح موضوعى
مصطلح موضوعي ARABIC LANGUAGE
650 04 - المدخل الاضافى بالموضوع-مصطلح موضوعى
مصطلح موضوعي SYRIA
650 04 - المدخل الاضافى بالموضوع-مصطلح موضوعى
مصطلح موضوعي ARABIC SCRIPT
650 04 - المدخل الاضافى بالموضوع-مصطلح موضوعى
مصطلح موضوعي LANGUAGES
942 ## - عناصر المدخل الإضافي( كوها)
مصدر التصنيف او مخطط الترفيف Dewey Decimal Classification
Koha [default] item type كتاب
260 ## - PUBLICATION, DISTRIBUTION, ETC. (IMPRINT)
-- [S.N] :
-- ORIENT INSTITUT DMG ،
Holdings
حالة التراجع حالة الفقد حالة تلف ليس للاعارة المكان المؤقت الموقع الحالى تاريخ الاكتساب اجمالي اﻻعارات رقم الطلب الباركود تاريخ اخر مشاهدة تاريخ تفعيل السعر نوع وعاء كوها
        مكتبة القاهرة الكبرى مكتبة القاهرة الكبرى 03/26/2014   492.7\G A 36617 03/26/2014 03/26/2014 كتاب
        مكتبة القاهرة الكبرى مكتبة القاهرة الكبرى 03/26/2014   492.7\G A 36618 03/26/2014 03/26/2014 كتاب

Powered By

EGPV